Survivor Name Ladder 9 - Statistics

General Stats
  • This quiz has been taken 54 times
  • The average score is 13 of 20
Answer Stats
Picture Answer % Correct
Andrew
93%
Earl
87%
Wes
87%
Hannah
85%
Sierra
78%
Austin
76%
Kim
76%
BB
74%
Keith
70%
Holly
63%
Liana
61%
Angie
59%
Natalia
59%
Erik
57%
Nneka
52%
Yasmin
50%
Allie
43%
Elyse
37%
Mikey B
37%
Brook
35%
No matching quizzes found
Score Distribution
Percent of People with Each Score
Percentile by Number Answered
Your Score History
You have not taken this quiz